|
|
|
|
| LEADER |
00000nam0a2200000 4500 |
| 001 |
257991 |
| 005 |
20231101233243.0 |
| 010 |
|
|
|a 5217003243
|
| 020 |
|
|
|a RU
|b 88-14952
|
| 035 |
|
|
|a (RuTPU)RU\TPU\book\280821
|
| 090 |
|
|
|a 257991
|
| 100 |
|
|
|a 20140422d1988 k y0rusy5003 ca
|
| 101 |
0 |
|
|a rus
|
| 102 |
|
|
|a RU
|
| 105 |
|
|
|a a z 001zy
|
| 200 |
1 |
|
|a Язык Форт и его реализации
|f С. Н. Баранов, Н. Р. Ноздрунов
|
| 210 |
|
|
|a Ленинград
|c Машиностроение
|d 1988
|
| 215 |
|
|
|a 157 с.
|c ил.
|
| 225 |
1 |
|
|a ЭВМ в производстве
|
| 320 |
|
|
|a Библиогр.: с. 155-156 (31 назв.).
|
| 606 |
1 |
|
|a Алгоритмические языки
|2 stltpush
|3 (RuTPU)RU\TPU\subj\1756
|9 30453
|
| 610 |
1 |
|
|a программирования языки
|
| 610 |
1 |
|
|a вычислительные машины электронные персональные
|
| 610 |
1 |
|
|a языки программирования
|
| 610 |
1 |
|
|a Форт
|
| 610 |
1 |
|
|a программирование
|
| 675 |
|
|
|a 681.3.06:800.92
|z rus
|v 3
|
| 700 |
|
1 |
|a Баранов
|b С. Н.
|g Сергей Николаевич
|
| 701 |
|
1 |
|a Ноздрунов
|b Н. Р.
|g Николай Романович
|
| 801 |
|
0 |
|a RU
|b RuMRKP
|c 19950417
|g psbo
|
| 801 |
|
1 |
|a RU
|b 63413507
|c 20140422
|
| 801 |
|
2 |
|a RU
|b 63413507
|c 20161107
|g RCR
|
| 942 |
|
|
|c BK
|